| 000 | 00612cab a2200241 4500 | ||
|---|---|---|---|
| 001 | ABS60304 | ||
| 008 | 090401t1999 xxu||||| |||| 00| 0 eng d | ||
| 035 | _a(Sirsi) u92435 | ||
| 041 | _aeng | ||
| 245 | _aTowards a federal Britain | ||
| 260 | _c1999 | ||
| 350 | _a0 | ||
| 490 |
_aEconomist _v350(8112) 27 March 1999, 25-28(3) |
||
| 650 | _aDEVOLUTION | ||
| 650 | _aECONOMIC DEVELOPMENT | ||
| 650 | _aENGLISH REGIONS | ||
| 650 | _aRDAS | ||
| 650 | _aREGIONAL ASSEMBLIES | ||
| 650 | _aREGIONAL DEVELOPMENT AGENCIES | ||
| 690 | _aPROPERTY-PROPERTY DEVELOPMENT | ||
| 942 | _n0 | ||
| 948 | _c30/03/1999 | ||
| 999 |
_c58597 _d58597 |
||